Vector analysis

Gespeichert in:
Bibliographische Detailangaben
1. Verfasser: Phillips, H. B (VerfasserIn)
Format: Buch
Sprache:Englisch
Veröffentlicht: Nueva York John Wiley and Sons 1933
Schlagworte:
Tags: Tag hinzufügen
Keine Tags, Fügen Sie den ersten Tag hinzu!

MARC

LEADER 00000cam a2200000 a 4500
001 UCF2442
003 CL-VaPUC
008 120824e19330000US |||||||||||||||||eng|d
082 0 4 |a 515.63  |b PHI  |2 21 
100 0 |a Phillips, H. B  |e author  |9 564083 
245 1 0 |a Vector analysis 
300 |a 236 p 
942 |c BK 
945 |d 20120824 00:00:00  |a dcastane 
260 |a Nueva York  |b John Wiley and Sons  |c 1933 
650 0 |a Cálculo tensorial  |9 423040 
650 7 |a TENSORES CARTESIANOS  |2 CL-VaPUC  |9 535786 
650 0 |a Álgebra  |9 259567 
650 0 |a Geometría diferencial   |9 315147 
583 |a last modification  |c 20120824 12:41:00  |k Rodrigo Vera 
999 |c 349005  |d 349003 
952 |0 0  |1 0  |4 0  |6 515_630000000000000_PHI_1933  |7 0  |8 A  |9 451378  |a BIBMAT  |b BIBMAT  |d 2019-11-22  |i 4889169  |o 515.63 PHI 1933  |p 4889169  |r 2025-01-07  |w 2019-11-22  |y BK  |k MAT